Lingua et vita vedecký časopis pre výskum jazykov a interkultúrnej komunikácie
Enregistré dans:
| Format: | Publication en série |
|---|---|
| Langue: | slovaque |
| Publié: |
Bratislava
EKONÓM
2018
|
| Sujets: | |
| Tags: |
Pas de tags, Soyez le premier à ajouter un tag!
|
MARC
| LEADER | 00000nas2a2200000 4500 | ||
|---|---|---|---|
| 001 | 0290678 | ||
| 005 | 20230130142838.5 | ||
| 022 | |a 1338-6743 | ||
| 041 | 0 | |a slo | |
| 044 | |a SK | ||
| 245 | 1 | 0 | |a Lingua et vita |b vedecký časopis pre výskum jazykov a interkultúrnej komunikácie |
| 264 | 1 | |a Bratislava |b EKONÓM |c 2018 | |
| 773 | 0 | |w eu_un_cat*0160270 | |
| 610 | 2 | 0 | |a jazykoveda |
| 610 | 2 | 0 | |a literatúra |
| 610 | 2 | 0 | |a štylistika |
| 610 | 2 | 0 | |a didaktika |
| 610 | 2 | 0 | |a kultúra |
| 610 | 2 | 0 | |a jazyky cudzie |
| 610 | 2 | 0 | |a komunikácia multikultúrna |
| 610 | 2 | 0 | |a komunikácia manažérska |